| 000 | 01779cam a22004694i 4500 | ||
|---|---|---|---|
| 003 | PE-LiUPU | ||
| 005 | 20250731184519.0 | ||
| 008 | 150617s r 000 0 d | ||
| 020 | _a8475060668 | ||
| 035 | _a(Sirsi) i9788475060668 | ||
| 040 |
_aPE-LiUPU _bspa _cPE-LiUPU _erda |
||
| 049 | _aPRUA | ||
| 082 | 0 | 4 |
_a937 _bM76 _221 |
| 100 | 1 |
_aMommsen, Theodor, _eautor. |
|
| 245 | 1 | 0 |
_aHistoria de Roma : _bdesde la fundación de Roma hasta la caida de los reyes. _n1 / _cTheodor Mommsen. |
| 264 | 1 |
_aMadrid : _bTurner, _c1983. |
|
| 300 |
_a356 páginas ; _c20 centímetros |
||
| 336 |
_atext _2rdacontent |
||
| 337 |
_aunmediated _2rdamedia |
||
| 338 |
_avolume _2rdacarrier |
||
| 505 | 0 | _aPrimeras inmigraciones en Italia -- Establecimientos de los latinos -- Orígenes de Roma -- Instituciones primitivas de Roma -- Los no-ciudadanos -- Supremacía de Roma en el Lacio -- Las razas -- Los etruscos -- Los Helenos en Italia -- Derecho y justicia -- La religión -- La agricultuta -- pesos, emdidas y escritura -- El arte. | |
| 526 | _aP136 | ||
| 526 | _aP135 | ||
| 526 | _aP134 | ||
| 526 | _aP133 | ||
| 526 | _aP144 | ||
| 526 | _aP143 | ||
| 526 | _aP87 | ||
| 526 | _aP35 | ||
| 526 | _aP20 | ||
| 526 | _aP14 | ||
| 526 | _aP10 | ||
| 526 | _aP06 | ||
| 651 |
_aRoma _xHistoria. _95508 |
||
| 910 |
_ajck _bjvq _cjck _d20150616 |
||
| 942 |
_2ddc _cBOOK |
||
| 949 |
_a937 M76 1 _wDEWEY _c1 _i27413 _lCCODEBUL1 _mBUL _r0 _sY _tBOOK _u2015-4-22 _xEDUCACION _zUNKNOWN _0COMPRA _o.STAFF. Colección General |
||
| 994 |
_aC0 _bPEPRU |
||
| 596 | _a1 | ||
| 999 |
_a937 M76 1 _wDEWEY _c18296 _i27413 _d18296 _f2021-11-8 _g5 _lCCODEBUL1 _mBUL _q1 _r0 _sY _tBOOK _u2015-4-22 _xBIBLIOTECA _zUNKNOWN _0COMPRA _o.STAFF. Colección General |
||
| 980 |
_81 _gALBERTO SANCHEZ Responsable de Automatización |
||